Normal view
MARC view
- ইসলাম, সাইফুল
Entry Personal Name
001 - CONTROL NUMBER
- control field: 71034
003 - CONTROL NUMBER IDENTIFIER
- control field: BD-SySUS
005 - DATE AND TIME OF LATEST TRANSACTION
- control field: 20260121111337.0
008 - FIXED-LENGTH DATA ELEMENTS
- fixed length control field: 260121|| aca||aabn | a|a d
040 ## - CATALOGING SOURCE
- Original cataloging agency: BD-SySUS
- Transcribing agency: BD-SySUS
100 ## - HEADING--PERSONAL NAME
- Personal name: ইসলাম, সাইফুল
670 ## - SOURCE DATA FOUND
- Source citation: Work cat.: (BD-SySUS)87549: ইসলাম, সাইফুল , ইংলিশে দুর্বলদের জন্য - English Therapy /, 2023.
